| 000 | 00918nac a22003137a 4500 | ||
|---|---|---|---|
| 001 | BR0701579 | ||
| 003 | BR-BrBNA | ||
| 005 | 20240105123403.0 | ||
| 008 | 230509b bl.|||m| |||| 00| 0 por d | ||
| 040 |
_aBR-BrBNA _bpor _cBiblioteca Nacional de Agricultura |
||
| 072 | _aE10 | ||
| 090 | _aE10 BR0701579 | ||
| 110 | 1 |
_aConfederação da Agricultura e Pecuária do Brasil, Brasília, DF (Brasil) _92548 |
|
| 245 | 1 | _aIndicadores Rurais ano 10, no. 68 | |
| 260 | 3 |
_aBrasília, DF (Brasil): _c2006. |
|
| 300 | _a6 p. | ||
| 490 |
_aIndicadores Rurais (Brazil) _vv. 10(68) _x |
||
| 650 | _aAGRONEGÓCIO | ||
| 650 | _aGADO DE CORTE | ||
| 650 | _aAGRICULTURA | ||
| 650 | _aPECUÁRIA | ||
| 650 | _aPREÇO | ||
| 650 | _aEXPORTAÇÃO | ||
| 650 | _aBALANÇA COMERCIAL | ||
| 650 | _aINDÚSTRIA AGRÍCOLA | ||
| 650 | _aESTATÍSTICA | ||
| 909 |
_a202312 _bLúcia Elande _c55 _dLúcia Elande |
||
| 942 |
_2AGRIS _n0 _cMS |
||
| 999 |
_c295227 _d295227 |
||